000 00881 a2200253 4500
005 20251215164217.0
008 251215b |||||||| |||| 00| 0 eng d
020 _a9781793643711 (pbk)
037 _cTB
040 _aCRL
_cCRL
041 _2eng
_aeng
084 _aY6:4 R1
_qCRL
100 _aWilson, Jan Coolittle
_9822135
245 _aBecoming disabled:
_bforging a disability view of the World
260 _aLanham, Maryland:
_bLexington Books,
_c2021.
300 _axi, 310p.
365 _b35.00
_cUKP
490 _aHealth and aging in the margins. Editor Alexandra "Xan" C. H. Nowakowski
650 _aSociology
_9856775
650 _aDisablity
_9856776
650 _aSocial Condition
_9856777
942 _cTB
_2CC
_n0
_hY6:4 R1
999 _c1435912
_d1435912